000
00287nam a2200121Ia 4500
008
231106s2018 xx 000 0 und d
041
_a
eng
082
_a
743.6
100
_a
HEATHER KILGOUR
245
_a
THE FIELD GUIDE TO TYPOGRAPHY
260
_b
SEARCH PRESS
_c
2018
300
_a
P-128
999
_c
920208
_d
920208